[Event "Elitserien Allsvenskan 2018-19"]
[Site "Sweden"]
[Date "2018.11.09"]
[Round "1"]
[White "Amin, Bassem"]
[Black "Miezis, Normunds"]
[Result "*"]
[WhiteElo "2709"]
[BlackElo "2477"]
[Annotator "TA"]
[PlyCount "24"]
[EventDate "2018.11.09"]
[EventType "team-tourn"]
[EventCountry "SWE"]
[SourceTitle "playchess.com"]
[Source "ChessBase"]
[SourceQuality "1"]

{[%evp 19,24,0,8,6,13,4,41]} 1. d4 Nf6 2. c4 e6 3. Nf3 b6 4. g3 Bb7 5. Bg2 Be7 6. O-O O-O 7. Nc3 Ne4 8. Nxe4 Bxe4 9. Ne1 Bxg2 10. Nxg2 c6 {LiveBook: 9 Games. The position is equal.} 11. e4 {E18: Queen's Indian: Old Main Line (4 g3 Bb7 5 Bg2 Be7 6 0-0 0-0 7 Nc3)} d5 12. Qe2 Nd7 $146 ({Predecessor:} 12... dxc4 13. Qxc4 c5 14. Be3 Nc6 15. dxc5 Ne5 16. Qc3 Bf6 17. Qc2 Nf3+ 18. Kh1 bxc5 19. Bxc5 {0-1 (43) Ram,S (2255)-Tran,T (2544) Bhopal 2017}) *

[Event "Elitserien Allsvenskan 2018-19"]
[Site "Sweden"]
[Date "2018.11.09"]
[Round "1"]
[White "Smith, Axel"]
[Black "Westerberg, Jonathan"]
[Result "1/2-1/2"]
[WhiteElo "2492"]
[BlackElo "2523"]
[Annotator "TA"]
[PlyCount "131"]
[EventDate "2018.11.09"]
[EventType "team-tourn"]
[EventCountry "SWE"]
[SourceTitle "playchess.com"]
[Source "ChessBase"]
[SourceQuality "1"]

{[%evp 26,131,0,-12,-12,-12,-12,-8,-6,-6,-6,-5,-6,-4,-4,-6,-10,-30,-17,-18,-19,-26,-20,-24,-24,-24,-24,-24,-24,-29,-34,-27,-24,-40,-24,-47,-38,-39,-38,-38,-38,-38,-38,-68,-68,-68,-38,-68,-62,-68,-48,-68,-68,-68,-38,-66,-42,-68,-68,-68,0,-73,-52,-52,-59,-62,-51,-48,-59,-73,-73,-77,-50,-79,-47,-64,-47,-47,0,0,0,0,0,0,0,0,0,0,0,0,0,0,0,0,0,0,0,0,0,0,0,0,0,0,0,0,0,0]} 1. d4 d5 2. c4 c6 3. Nf3 Nf6 4. Nc3 dxc4 5. a4 e6 6. e3 c5 7. Bxc4 Nc6 8. O-O cxd4 9. exd4 Be7 {D16: Slav Defence: 5 a4: Lines with 5...Bg4 and 5...Na6} 10. Qe2 O-O 11. Rd1 Nb4 12. Ne5 Bd7 (12... b6 13. Qf3 Rb8 14. Qg3 Bb7 15. Bh6 {0-1 (41) Bosiocic,M (2600)-Yu,Y (2765) Batumi 2018}) 13. d5 exd5 14. Nxd5 {LiveBook: 12 Games} Nbxd5 15. Bxd5 Nxd5 16. Rxd5 Bg4 $146 {[%cal Rg4e2]} 17. Qc4 Qxd5 $1 18. Qxd5 Rad8 19. Qb3 Rd1+ 20. Qxd1 Bxd1 21. Be3 Bb3 22. Bxa7 Ra8 23. Bb6 f6 ({But not} 23... Bxa4 $2 {[#]} 24. b3 $1 $18 {[%mdl 512]}) (23... Rxa4 {feels hotter.} 24. Rxa4 Bxa4 25. f3 f6 26. Nd3 Kf7) 24. Nd3 Rxa4 25. Rxa4 Bxa4 $11 {[%mdl 4096] Endgame KBB-KBN} 26. Nc5 Bc6 27. f3 Kf7 28. Kf2 Bd6 29. h3 g5 30. Ke3 Bf4+ 31. Kf2 h5 32. g3 Bd6 33. g4 h4 34. Ke3 Bf4+ 35. Kf2 Ke7 36. Nd3 Bd6 37. Nc5 Bg3+ 38. Ke3 Bf4+ 39. Kf2 Bh2 40. Nd3 Ke6 41. Bd4 Bc7 42. Ke3 Bh2 43. Kf2 $1 Bb5 44. Nc5+ Kd5 45. Be3 $1 Bg3+ 46. Kg2 Bc6 47. b3 Bd6 48. Ne4 Be5 49. Bb6 Ke6 50. Nc5+ Kd6 51. Ne4+ Bxe4 (51... Kd5 {is interesting.} 52. Bd8 Ke6 53. Bb6 Bb5 54. Bc5 Kd7) 52. fxe4 $15 {KB-KB. The position is equal.} Kc6 53. Bd8 Kc5 {[#] ...Kb4 is the strong threat.} 54. Be7+ Kd4 55. Kf3 Kd3 56. b4 b5 57. Bc5 Bc3 58. Be7 Kc4 59. Ke2 Be5 60. Bc5 Bc3 61. Be7 Bd4 62. Bd6 Be5 63. Bc5 Bf4 64. Be7 Be5 65. Bc5 Bc3 66. Be7 {Precision: White = 68%, Black = 57%.} 1/2-1/2

[Event "Elitserien Allsvenskan 2018-19"]
[Site "Sweden"]
[Date "2018.11.09"]
[Round "1"]
[White "Salomon, Johan"]
[Black "Laveryd, Peter"]
[Result "*"]
[WhiteElo "2485"]
[BlackElo "2368"]
[Annotator "TA"]
[PlyCount "53"]
[EventDate "2018.11.09"]
[EventType "team-tourn"]
[EventCountry "SWE"]
[SourceTitle "playchess.com"]
[Source "ChessBase"]
[SourceQuality "1"]

{[%evp 32,33,38,14]} 1. Nf3 Nf6 2. c4 e6 3. g3 d5 4. Bg2 Be7 5. O-O O-O 6. d4 c5 7. cxd5 exd5 8. Nc3 Nc6 9. b3 Ne4 10. Bb2 Bf6 11. Na4 Re8 12. Rc1 b6 13. dxc5 Bxb2 14. Nxb2 bxc5 15. Na4 Ba6 16. Re1 c4 17. Nd2 {LiveBook: 64 Games} {Predecessor:} Qf6 $146 18. Nxe4 dxe4 19. bxc4 Rad8 20. Qb3 Nd4 21. Qc3 Qc6 22. Nb2 Qc5 23. Nd1 Nf5 24. e3 Rd3 25. Qc2 Nd6 26. Bxe4 Nxe4 27. Qxd3 {1-0 (37) Bok,B (2605)-Kanter,E (2383) Dubai 2017} *

[Event "Elitserien Allsvenskan 2018-19"]
[Site "Sweden"]
[Date "2018.11.09"]
[Round "1"]
[White "Holm, Kristian Stuvik"]
[Black "Lokander, Martin"]
[Result "1/2-1/2"]
[WhiteElo "2467"]
[BlackElo "2390"]
[Annotator "TA"]
[PlyCount "72"]
[EventDate "2018.11.09"]
[EventType "team-tourn"]
[EventCountry "SWE"]
[SourceTitle "playchess.com"]
[Source "ChessBase"]
[SourceQuality "1"]

{[%evp 21,72,-6,9,-42,-16,-14,-9,-20,-9,-6,0,-46,-10,-43,-47,-65,-65,-66,-60,-65,-47,-59,-62,-167,-83,-80,-83,-88,-52,-58,-29,-35,-29,-75,-58,-75,-68,-98,-35,-112,-34,-34,-34,-34,-34,-34,-34,-34,-34,-34,-34,-34,-34]} 1. d4 Nf6 2. c4 g6 3. Nf3 Bg7 4. g3 O-O 5. Bg2 d6 6. O-O Nbd7 7. Nc3 e5 8. h3 a6 9. e4 b5 10. cxb5 axb5 11. Re1 {E68: King's Indian: Fianchetto: 6...Nbd7 7 0-0 e5 8 e4} c6 {LiveBook: 7 Games} 12. d5 (12. a3 $11) (12. b4 Bb7 13. dxe5 Nxe5 14. Nxe5 dxe5 15. Be3 Ra3 16. Nb1 Qxd1 17. Rxd1 Ra4 18. Bc5 Rfa8 19. Nc3 Ra3 20. Nb1 R3a4 21. Nc3 Ra3 22. Nb1 R3a6 23. Nd2 Bc8 {½-½ (23) Godart,F (2420)-Relange,E (2455) Brest 2018}) 12... cxd5 (12... b4 $5 {[%cal Rb4c3]} 13. dxc6 bxc3 14. cxd7 cxb2 15. Bxb2 Qxd7 $15) 13. Nxd5 {The position is equal.} Bb7 14. Nxf6+ Nxf6 15. Bg5 Ra4 $146 ({Predecessor:} 15... h6 16. Bxf6 Qxf6 17. Qb3 Rfb8 18. Nh2 Qe6 {½-½ (79) Thorsteinsdottir,G (2147)-Krockenberger,M (2267) Reykjavik 2006}) 16. Qb3 Qa8 17. Bxf6 Bxf6 18. Nd2 Qa5 19. Red1 Rb4 20. Qa3 Ra8 21. Qxa5 Rxa5 22. Nb1 (22. Rdb1 $15) 22... Be7 ({Much worse is} 22... Bxe4 $6 23. Bxe4 Rxe4 24. Nc3 $11) (22... Rxb2 $19 23. Rxd6 Be7) 23. Nc3 $17 Rxb2 {Strongly threatening ...b4.} 24. Rab1 Rxb1 25. Rxb1 Bc6 26. Bf1 {[%cal Rf1b5]} Ra3 27. Rb3 {[#]} b4 $1 {[%mdl 512]} 28. Rxa3 (28. Rxb4 Rxc3) 28... bxa3 $15 {[%mdl 4096] Endgame KBB-KBN} 29. Bc4 Bd8 (29... Bd7 $17 30. Kg2 Kg7) 30. Bd5 (30. Nb5 $15) 30... Ba5 ({Black should try} 30... Bd7 $17 {White must now prevent ...Ba5.} 31. Kg2 Ba5) 31. Bxc6 {[#] And now Nd5 would win.Black is slightly better.} Bxc3 {KB-KB} 32. g4 Kg7 33. Kg2 Kh6 34. h4 Kg7 35. Bd5 Be1 36. Kf3 Ba5 {Precision: White = 51%, Black = 37%.} 1/2-1/2

[Event "Elitserien Allsvenskan 2018-19"]
[Site "Sweden"]
[Date "2018.11.09"]
[Round "1"]
[White "Karlsson, Lars"]
[Black "Karlsson, Tomas"]
[Result "0-1"]
[WhiteElo "2462"]
[BlackElo "2289"]
[Annotator "TA"]
[PlyCount "108"]
[EventDate "2018.11.09"]
[EventType "team-tourn"]
[EventCountry "SWE"]
[SourceTitle "playchess.com"]
[Source "ChessBase"]
[SourceQuality "1"]

{[%evp 19,107,0,0,0,27,8,24,14,38,70,38,68,92,73,107,103,112,-8,39,-35,-42,-42,23,0,47,14,12,0,3,0,12,14,6,18,21,9,81,76,108,142,145,145,148,144,214,220,254,256,253,234,233,187,387,363,389,339,370,373,639,617,788,787,797,1101,1204,1196,1366,1035,1162,517,612,527,556,586,545,460,404,0,0,0,0,-29988,-29989,-29991,-29992,-29996,-29997,-29997,-29998,-29999]} 1. e4 c5 2. Nc3 Nc6 3. g3 g6 4. Bg2 Bg7 5. d3 Nf6 6. Nge2 O-O 7. O-O Rb8 8. f4 d6 9. h3 Nd4 {B25: Closed Sicilian: 3 g3, lines without early Be3} (9... Nd7 10. Nd5 e6 11. Ne3 b5 12. f5 Bb7 13. c3 b4 14. Ng4 bxc3 15. bxc3 exf5 16. exf5 Nce5 17. Bxb7 Rxb7 {½-½ (46) Aronian,L (2764)-Vachier Lagrave,M (2789) Leuven 2018}) 10. Be3 Ne8 {LiveBook: 4 Games} 11. Rb1 b5 $146 {The position is equal.} ({Predecessor:} 11... b6 12. b4 Bb7 13. Kh2 Nc7 14. bxc5 bxc5 15. g4 Ba8 16. Qd2 Qd7 17. Ng3 {1-0 (46) Lalic,S (2298)-Messam Sparks,L (1904) Uxbridge 2010}) 12. a3 a5 13. b4 Bd7 14. bxc5 dxc5 15. e5 Ne6 16. Ne4 Qc7 17. c3 Bc6 18. Nc1 (18. d4 $16) 18... f5 $1 $11 {[%cal Rf5e4]} 19. Nd2 (19. Qb3 $1 $14 c4 20. dxc4) 19... Bxg2 $15 20. Kxg2 g5 ({Black should try} 20... Qd7 $15) 21. Qf3 Kh8 22. d4 {Black must now prevent d5.} b4 23. axb4 axb4 24. d5 bxc3 25. Rxb8 Qxb8 26. Ndb3 $1 c4 27. Na5 Nd8 (27... gxf4 $11 28. gxf4 Nd8) 28. Nxc4 $16 Qb5 29. Nb6 gxf4 30. gxf4 Rg8 {[#] Black wants to play ...Bxe5+.} 31. Kh2 $1 Nc7 (31... Nf7 $16 {was worth a try.}) 32. Qe2 $18 Qe8 33. Qc4 Nb5 34. Ne2 Nf7 35. Rg1 ({And not} 35. Nxc3 Nxe5 36. Qxb5 Qg6 $11) 35... Nh6 $2 (35... Nxe5 36. fxe5 Bxe5+ 37. Bf4 Bxf4+ 38. Nxf4 Rxg1 39. Kxg1 Qb8) 36. Ng3 Bf8 37. Na4 Na3 38. Qb3 e6 $2 (38... Nb5 39. Nxc3 Nxc3) 39. d6 Qc6 40. Qxa3 Ng4+ 41. hxg4 Rxg4 42. Rg2 c2 43. Nc3 Qf3 44. Qc1 (44. Nce2 $142) 44... h5 45. Qd2 {Threatens to win with d7.} h4 46. Nce2 hxg3+ 47. Nxg3 Rg7 48. d7 $2 (48. Qe1 $18) 48... Rh7+ $1 $40 {[%mdl 128] Black attacks.} 49. Kg1 Rxd7 $1 50. Qe2 $2 {[%mdl 8192] [#]} (50. Qf2 $11 Rd1+ 51. Kh2 Qxf2 52. Rxf2) 50... c1=Q+ $1 {[%mdl 512] Black mates.} 51. Bxc1 Bc5+ 52. Rf2 Qxg3+ 53. Kh1 Rh7+ 54. Rh2 Qg1# {Precision: White = 63%, Black = 32%.} 0-1

[Event "Elitserien Allsvenskan 2018-19"]
[Site "Sweden"]
[Date "2018.11.09"]
[Round "1"]
[White "Gdanski, Jacek"]
[Black "Nygren, David"]
[Result "1/2-1/2"]
[WhiteElo "2460"]
[BlackElo "2288"]
[Annotator "TA"]
[PlyCount "83"]
[EventDate "2018.11.09"]
[EventType "team-tourn"]
[EventCountry "SWE"]
[SourceTitle "playchess.com"]
[Source "ChessBase"]
[SourceQuality "1"]

{[%evp 23,83,20,47,23,26,21,63,36,35,33,29,-2,-2,-11,-7,-8,0,-13,-13,-13,-12,-6,0,-2,0,0,0,0,0,0,0,-7,-6,-25,0,0,0,-17,-11,-69,-43,-47,-16,-97,-89,-137,-15,-22,0,0,434,432,427,0,0,0,425,0,0,0,417,392]} 1. d4 Nf6 2. c4 g6 3. Nc3 d5 4. Qa4+ c6 5. cxd5 Nxd5 6. e4 Nxc3 7. bxc3 Bg7 8. Nf3 O-O 9. Be2 Nd7 10. O-O {D85: Exchange Grünfeld: Unusual White 7th moves and lines with 7 Nf3} e5 11. Rd1 (11. Bg5 Qc7 12. Rfe1 Re8 13. Bf1 b5 14. Qc2 a6 15. Bh4 c5 16. a4 Rb8 17. axb5 axb5 {½-½ (42) Klekowski,M (2473)-Tomczak,J (2615) Poland 2017}) 11... exd4 12. cxd4 Re8 {LiveBook: 3 Games} 13. Qc2 Qe7 14. Bd3 $146 ({Predecessor:} 14. Bc4 h6 15. Re1 Nb6 16. Bb3 Bg4 17. Ne5 Be6 18. Bf4 Rad8 19. Rad1 Qb4 20. Bxe6 {½-½ (20) Lukacs,P (2412)-Meszaros,M (2354) Hungary 2005}) 14... Nf8 15. Bg5 Bf6 16. Bxf6 Qxf6 17. Rab1 Bg4 18. e5 Qe7 19. Be4 Rad8 20. h3 Bxf3 21. Bxf3 Ne6 22. Qb2 c5 23. dxc5 Rxd1+ 24. Rxd1 Nxc5 25. Qa3 b6 26. Bc6 Rc8 27. Bf3 Rc7 28. Qe3 Rd7 29. Rd5 Qe6 30. Rxd7 Qxd7 31. Bg4 (31. Be2 $11) 31... Qd5 32. a3 h5 33. Bf3 {[#]} (33. Be2 $11) 33... Qd3 $1 $17 34. Qg5 Qd4 ({Better is} 34... Qxa3 $17 {Hoping for ...Ne6.} 35. Qd8+ Kh7) 35. Qe7 Nd3 36. e6 $36 {[%mdl 2048] White has some pressure.} Qa1+ $2 {[%mdl 8192]} (36... fxe6 $11 {and Black stays safe.} 37. Qxe6+ Kh7) 37. Kh2 $18 Qe5+ 38. Kg1 Qe1+ 39. Kh2 Qe5+ 40. Kg1 Qe1+ 41. Kh2 Qe5+ 42. g3 {[%mdl 32768] Precision: White = 20%, Black = 42%. . An unexpected result.} 1/2-1/2

[Event "Elitserien Allsvenskan 2018-19"]
[Site "Sweden"]
[Date "2018.11.09"]
[Round "1"]
[White "Hauge, Lars Oskar"]
[Black "Tikkanen, Hans"]
[Result "*"]
[WhiteElo "2449"]
[BlackElo "2527"]
[Annotator "TA"]
[PlyCount "112"]
[EventDate "2018.11.09"]
[EventType "team-tourn"]
[EventCountry "SWE"]
[SourceTitle "playchess.com"]
[Source "ChessBase"]
[SourceQuality "1"]

{[%evp 13,112,43,30,18,48,49,37,39,73,66,68,71,71,66,87,87,90,64,89,73,81,63,86,74,89,85,96,104,95,84,128,128,134,112,176,169,170,131,144,122,181,155,175,147,163,159,180,107,107,107,107,107,107,107,134,120,123,93,97,98,116,123,185,135,156,147,154,152,166,0,0,2,20,0,0,0,0,0,0,0,-5,-17,-17,-30,-17,-13,-6,-6,-6,-13,-6,-6,-6,-13,-6,-25,-25,-38,-7,-13,-6]} 1. e4 c5 2. Nf3 d6 3. Bb5+ Nd7 4. O-O a6 5. Bd3 (5. Bxd7+ Bxd7 6. d4 cxd4 7. Qxd4 Qc7 8. Nc3 e6 9. Bf4 Bc6 10. Rad1 Rd8 11. Nd5 exd5 12. exd5 Bb5 13. Rfe1+ Ne7 14. Ng5 h6 15. Ne4 {1-0 (77) Naiditsch,A (2721)-Wojtaszek,R (2727) Douglas 2018}) 5... Ngf6 6. c3 {B51: Sicilian: Moscow Variation (3 Bb5+) without 3...Bd7} Ne5 7. Nxe5 dxe5 {LiveBook: 8 Games} 8. Be2 {White has an edge.} g6 $146 ({Predecessor:} 8... e6 9. d3 Be7 10. a4 b6 11. Nd2 O-O 12. Nc4 Nd7 {½-½ (38) Ong,K (2288)-Kenneskog,T (2334) Sweden 2017}) 9. d3 Bg7 10. Be3 Nd7 11. a4 b6 12. Na3 Bb7 13. b4 cxb4 14. cxb4 O-O 15. Nc4 Rb8 16. Rc1 Ba8 17. Qb3 e6 18. Rc2 Qe7 19. b5 axb5 20. axb5 Rfc8 21. Ra1 Nc5 22. Qb4 Bf8 23. Nxe5 Qf6 (23... Bg7 $16) 24. Qb2 $18 Bg7 25. f4 Qd8 26. Rac1 Nd7 (26... Bb7 $16 27. Rc4 (27. Bxc5 Rxc5 28. Rxc5 bxc5 $16) 27... Ra8) 27. Qd4 Rxc2 28. Rxc2 Nxe5 29. fxe5 Qe8 30. Qb2 (30. Qd6 $18) 30... Qd7 $16 31. Bf1 h5 32. Rc1 Kh7 33. Be2 Qe7 34. Qc3 Kg8 35. Bf3 Qd7 36. Rb1 Rc8 37. Qd4 Qc7 (37... Qe8 $16 {is a better defense.} 38. g3 (38. Qxb6 Bxe5 39. h3 Qd7 $16) 38... Rd8) 38. Qxb6 Qxe5 39. Qa6 Rd8 40. b6 Qd6 41. Rb3 $2 ({White should try} 41. Bf2 $18) 41... Bd4 $11 42. Bxd4 Qxd4+ 43. Kf1 {[#] Black must now prevent b7.} Bb7 $1 {[%cal Rb7a6]} 44. Qa2 Ra8 45. Qc2 $1 Ra6 46. Be2 Rxb6 47. Rxb6 Qxb6 48. Qd2 Qd6 {Threatens to win with ...Bxe4!} 49. Qb2 Ba6 50. e5 Qd5 {Black wants to play ...Bb7.} 51. Qa3 Bb5 52. Qc3 $1 Kg7 53. h3 Ba6 54. Kg1 Qa2 55. Bf1 Qb1 56. Qd2 Qb6+ {Precision: White = 61%, Black = 54%.} *

[Event "Elitserien Allsvenskan 2018-19"]
[Site "Sweden"]
[Date "2018.11.09"]
[Round "1"]
[White "Barkhagen, Jonas"]
[Black "Renman, Nils-Gustaf"]
[Result "*"]
[WhiteElo "2436"]
[BlackElo "2351"]
[Annotator "TA"]
[PlyCount "20"]
[EventDate "2018.11.09"]
[EventType "team-tourn"]
[EventCountry "SWE"]
[SourceTitle "playchess.com"]
[Source "ChessBase"]
[SourceQuality "1"]

{[%evp 17,20,37,60,54,90]} 1. e4 c5 2. Nf3 e6 3. d4 cxd4 4. Nxd4 a6 5. c4 Nf6 6. Nc3 d6 7. Be2 b6 8. f4 {B41: Sicilian: Kan Variation: 5 c4} Bb7 9. Bf3 Qc7 {LiveBook: 5 Games} (9... Nbd7 10. O-O Rc8 11. Qe2 Qc7 12. b3 b5 13. Nd5 exd5 14. exd5+ Kd8 {0-1 (70) Naiditsch,A (2663)-Fedorchuk,S (2626) Drancy 2016}) 10. Qe2 h5 $146 ({Predecessor:} 10... Nc6 11. Nxc6 Bxc6 12. Nd5 Qb7 13. f5 Bxd5 14. exd5 e5 15. g4 h6 {0-1 (43) Cornelisse,J (2123)-Blees,A (2383) Amsterdam 2017}) *

[Event "Elitserien Allsvenskan 2018-19"]
[Site "Sweden"]
[Date "2018.11.09"]
[Round "1"]
[White "Sagit, Rauan"]
[Black "Norberg, Johan"]
[Result "*"]
[WhiteElo "2429"]
[BlackElo "2306"]
[Annotator "TA"]
[PlyCount "21"]
[EventDate "2018.11.09"]
[EventType "team-tourn"]
[EventCountry "SWE"]
[SourceTitle "playchess.com"]
[Source "ChessBase"]
[SourceQuality "1"]

{[%evp 18,21,31,15,67,81]} 1. d4 d5 2. c4 e6 {[%cal Be7e6,Be6d5,Bd5d4][%mdl 32]} 3. Nc3 c5 4. cxd5 exd5 5. Nf3 Nc6 6. dxc5 d4 7. Na4 Bxc5 {D32: Tarrasch Defence: Sidelines and lines without g3} 8. Nxc5 Qa5+ 9. Bd2 Qxc5 10. Rc1 {LiveBook: 67 Games} Qe7 (10... Qb6 $11) 11. Qa4 $146 ({Predecessor:} 11. e3 Nf6 12. Be2 O-O 13. O-O Rd8 14. Nxd4 Nxd4 15. exd4 Rxd4 {½-½ (71) Jakovenko,D (2749)-Mamedov,R (2708) Ankara 2018}) *

[Event "Elitserien Allsvenskan 2018-19"]
[Site "Sweden"]
[Date "2018.11.09"]
[Round "1"]
[White "Bjerre, Jonas Buhl"]
[Black "Lyrberg, Patrik"]
[Result "1-0"]
[WhiteElo "2422"]
[BlackElo "2440"]
[Annotator "TA"]
[PlyCount "32"]
[EventDate "2018.11.09"]
[EventType "team-tourn"]
[EventCountry "SWE"]
[SourceTitle "playchess.com"]
[Source "ChessBase"]
[SourceQuality "1"]

{[%evp 21,23,31,36,-21]} 1. e4 e6 2. d4 d5 3. Nc3 Nf6 4. e5 Nfd7 5. f4 c5 6. Nf3 Qb6 7. Na4 {C11: French: Classical System: 4 e5 and 4 Bg5 dxe4} Qa5+ 8. c3 cxd4 9. b4 Qc7 10. Nxd4 a6 11. Bd2 Nc6 {LiveBook: 3 Games} 12. Bd3 {[%mdl 32768] Loss on Time!?} (12. Be2 $14) {Predecessor:} 12... b5 $146 13. Nb2 Nb6 14. Nxc6 Qxc6 15. O-O Bb7 16. Qe2 Nc4 {½-½ (16) Kokarev,D (2608)-Morozevich,A (2665) Serpukhov 2018} 1-0

[Event "Elitserien Allsvenskan 2018-19"]
[Site "Sweden"]
[Date "2018.11.09"]
[Round "1"]
[White "Ertan, Can"]
[Black "Hillarp Persson, Tiger"]
[Result "1/2-1/2"]
[WhiteElo "2416"]
[BlackElo "2548"]
[Annotator "TA"]
[PlyCount "114"]
[EventDate "2018.11.09"]
[EventType "team-tourn"]
[EventCountry "SWE"]
[SourceTitle "playchess.com"]
[Source "ChessBase"]
[SourceQuality "1"]

{[%evp 16,114,46,40,72,49,69,5,93,79,106,91,100,100,129,130,123,89,91,95,123,114,143,120,172,127,181,176,167,162,168,179,180,100,215,206,195,175,191,189,213,173,187,194,452,112,116,99,112,35,35,31,36,31,35,42,42,36,97,15,15,0,0,0,0,0,0,0,-8,-8,-8,-8,-8,-8,-8,-139,-131,-153,-8,-8,-8,-8,0,0,0,0,0,-8,-8,-8,-8,-8,-8,-8,-8,-8,-8,-8,-8,-8,-8]} 1. Nf3 Nf6 2. c4 e6 3. g3 d5 4. d4 Bb4+ 5. Bd2 Bd6 (5... Be7 6. Bg2 O-O 7. O-O Nbd7 8. Nc3 c6 9. Bf4 dxc4 10. e4 Re8 11. a4 b6 12. d5 exd5 13. exd5 Bb7 14. a5 bxa5 15. d6 Bf8 16. Nd2 Nd5 17. Nxd5 cxd5 18. Nxc4 dxc4 19. Bxb7 {½-½ (42) Nakamura,H (2777)-Karjakin,S (2773) Saint Louis 2018}) 6. Qc2 {E01: Katalanisch} c6 7. Nc3 Nbd7 8. e4 dxe4 9. Nxe4 {LiveBook: 18 Partien} Bc7 10. Bg2 $146 ({Vorgänger:} 10. Bd3 O-O 11. Nxf6+ Nxf6 12. O-O h6 {½-½ (33) Yordanov,L (2290)-Peng,S (2390) Paracin 2018}) 10... O-O 11. O-O (11. Nxf6+ $14 Qxf6 12. O-O) 11... Re8 (11... Nxe4 $11 12. Qxe4 e5) 12. Rad1 Nxe4 13. Qxe4 e5 14. dxe5 $1 Bxe5 15. Nxe5 Rxe5 16. Qd3 {Und Lc3 würde nun gewinnen.} Qf8 17. Bc3 Re6 18. Qd4 Nf6 19. Qf4 Qe7 (19... Re8 $16 20. Rfe1 (20. Bxf6 gxf6 21. Rd6 Be6 $16) 20... Rxe1+ 21. Rxe1 Qd8) 20. a3 Re2 (20... h6 $16 {kämpft weiter.}) 21. Bf3 $18 Re6 22. Rd3 Bd7 23. Bxf6 $1 gxf6 24. Rfd1 (24. Bg4 $18) 24... Be8 (24... Re1+ $16 25. Kg2 Rxd1 26. Bxd1 (26. Rxd1 Re8 $16) 26... Be6) 25. Kg2 Re5 26. Qh6 c5 27. Bd5 Rc8 28. Rf3 Bc6 29. Rf4 (29. Rxf6 $6 Bxd5+ 30. cxd5 (30. Rxd5 Rxd5 31. cxd5 Qe4+ 32. f3 Qxd5 $14) 30... Rxd5 $14) 29... Rd8 $2 {[#]} (29... Rg5 30. Bxc6 (30. Rxf6 Bxd5+ 31. cxd5 Rxd5 $14) (30. Qxf6 Qxf6 31. Rxf6 Bxd5+ 32. cxd5 Rd8 $16) 30... Rxc6) 30. Rh4 $2 (30. Bxc6 $3 $18 {[%mdl 512] Beabsichtigt Th4! und Matt.} Rxd1 (30... bxc6 31. Rh4) 31. Rh4) 30... Qe6 $16 {[%cal Re5d5]} 31. Qxh7+ Kf8 {[%cal Re5d5]} 32. Qh6+ (32. Qh8+ $16 Ke7 33. Qxd8+ Kxd8 34. Bxc6+ Kc7 35. Bf3) 32... Ke7 $14 33. Qf4 Bxd5+ 34. cxd5 Rdxd5 35. Rxd5 Qxd5+ {[%mdl 4096] Endspiel KDT-KDT} 36. Qf3 b5 (36... f5 $14) 37. Rf4 (37. Rh8 $16) 37... f5 $11 38. Qxd5 Rxd5 {KT-KT} 39. Kf3 Rd3+ 40. Ke2 Rb3 41. Rxf5 Rxb2+ 42. Kd3 c4+ 43. Kc3 Rb3+ 44. Kc2 Ke6 45. g4 (45. Rc5 $1 $11) 45... a6 $17 ({Bitte nicht} 45... Rxa3 $6 46. Rxb5 Rf3 47. Rh5 $11) 46. a4 {[#]} bxa4 (46... b4 $1 $17 47. Rf4 Rc3+ 48. Kb2 Kd5) 47. Ra5 $11 {Die Stellung ist ausgeglichen.} Rf3 48. Rxa4 Kd5 49. Rxa6 Rxf2+ 50. Kc3 Rxh2 51. Ra5+ Ke6 52. Kxc4 Rh4 53. Kd3 Rxg4 54. Ke3 f5 55. Kf3 Rb4 56. Rc5 Kf6 57. Rc8 Kg5 {Precision: Weiß = 56%, Schwarz = 44%.} 1/2-1/2

[Event "Elitserien Allsvenskan 2018-19"]
[Site "Sweden"]
[Date "2018.11.09"]
[Round "1"]
[White "Sammalvuo, Tapani"]
[Black "Johansson, Linus"]
[Result "*"]
[WhiteElo "2411"]
[BlackElo "2464"]
[Annotator "TA"]
[PlyCount "36"]
[EventDate "2018.11.09"]
[EventType "team-tourn"]
[EventCountry "SWE"]
[SourceTitle "playchess.com"]
[Source "ChessBase"]
[SourceQuality "1"]

{[%evp 19,36,-6,13,7,0,2,25,29,36,36,34,12,39,32,36,10,6,6,7]} 1. d4 Nf6 2. c4 e6 3. Nf3 b6 4. g3 Bb7 5. Bg2 Be7 6. O-O O-O 7. Nc3 Ne4 8. Nxe4 Bxe4 9. Ne1 Bxg2 10. Nxg2 c6 {LiveBook: 9 Games} 11. e4 {E18: Queen's Indian: Old Main Line (4 g3 Bb7 5 Bg2 Be7 6 0-0 0-0 7 Nc3)} d5 12. Qe2 Nd7 $146 {[%cal Bb8d7,Bd7f6,Bf6e4][%mdl 32]} ({Predecessor:} 12... dxc4 13. Qxc4 c5 14. Be3 Nc6 15. dxc5 Ne5 16. Qc3 Bf6 17. Qc2 Nf3+ 18. Kh1 bxc5 19. Bxc5 {0-1 (43) Ram,S (2255)-Tran,T (2544) Bhopal 2017}) 13. cxd5 {White has an edge.} cxd5 14. exd5 exd5 15. Bf4 Nf6 16. Ne3 Qd7 17. Be5 Ne4 18. Rfe1 Bb4 *